|
|
|
|
| LEADER |
00726nta a2200169 i 4500 |
| 001 |
dipl51501 |
| 005 |
20150414092152.0 |
| 008 |
150414s2014 hu om 0|| zxx d |
| 040 |
|
|
|a SZTE Diploma Repozitórium
|b hun
|
| 041 |
|
|
|a zxx
|
| 100 |
1 |
|
|a Hegedűs Réka
|
| 245 |
1 |
2 |
|a A múzeumok funkcióváltozásai, kihívásai a múltban, jelenben és a jövőben
|h [elektronikus dokumentum] /
|c Réka Hegedűs
|
| 246 |
1 |
0 |
|a Challenges and changing roles of museums in the past, present and future
|h [elektronikus dokumentum]
|
| 260 |
|
|
|c 2014
|
| 650 |
|
4 |
|a Bölcsészettudományok
|
| 700 |
1 |
|
|a Medgyesi Konstantin
|e ths
|
| 856 |
4 |
0 |
|u http://diploma.bibl.u-szeged.hu/id/eprint/51501/1/2014_Heged%C5%B1s_R%C3%A9ka_HERRAAB_SZE_SZ.pdf
|z Dokumentum-elérés
|